Quiz geograficzny#10 - Statystyki

Ogólne statystyki
  • Ten quiz został rozwiązany 17 razy
  • Średni wynik to 2 z 5
Statystyki odpowiedzi
Podpowiedź Odpowiedź % Poprawnych
Waluta Czech Korona
100%
Pasmo górskie ciągnące się na zachodnim wybrzeżu Ameryki Południowej Andy
54%
Obecny okres geologiczny Czwartorzęd
23%
Stolica Fidżi Suva
23%
W tym państwie używa się języka Amharskiego Etiopia
15%
Nie znaleziono quizów pasujących do podanych kryteriów
Rozkład punktacji
Procent ludzi z każdym wynikiem
Percentyl według liczby udzielonych odpowiedzi
Twoja historia wyników
Nie rozwiązałeś tego quizu